[Event "Hoogovens"]
[Site "Wijk aan Zee"]
[Date "1985.??.??"]
[Round "7"]
[White "Ftacnik, Lubomir"]
[Black "Timman, Jan H"]
[Result "1/2-1/2"]
[WhiteElo "2545"]
[BlackElo "2650"]
[PlyCount "56"]
[EventDate "1985.01.??"]
[Source "ChessBase"]

1. d4 d6 2. c4 e5 3. Nc3 exd4 4. Qxd4 Nf6 5. g3 Nc6 6. Qd2 Be6 7. Nd5 Ne5 8. b3 Ne4 9. Qe3 c6 10. Qxe4 cxd5 11. cxd5 Qa5+ 12. Bd2 Bxd5 13. Bxa5 Bxe4 14. f3 Bc6 15. Bg2 Be7 16. Nh3 O-O 17. Rd1 Rfe8 18. O-O Bb5 19. Rfe1 Bf6 20. f4 Nc6 21. Bxc6 Bxc6 22. Rxd6 Be7 23. Rd2 Bc5+ 24. Nf2 Re6 25. Bc3 Rae8 26. Kf1 h5 27. e4 Bxf2 28. Rxf2 Rxe4 1/2-1/2

[Event "56th ch-RUS"]
[Site "Krasnoyarsk"]
[Date "2003.09.11"]
[Round "8"]
[White "Zvjaginsev, Vadim"]
[Black "Tseshkovsky, Vitaly"]
[Result "1-0"]
[WhiteElo "2653"]
[BlackElo "2538"]
[PlyCount "107"]
[EventDate "2003.09.03"]
[Source "Roberto Alvarez"]
[SourceDate "2003.09.15"]

1. c4 e5 2. Nc3 d6 3. g3 f5 4. d4 Be7 5. Bh3 exd4 6. Qxd4 Nc6 7. Qd1 Ne5 8. Nf3 c6 9. Qc2 Nxc4 10. Bxf5 Bxf5 11. Qxf5 Qd7 12. Qd3 Ne5 13. Nxe5 dxe5 14. Qxd7+ Kxd7 15. e4 Nf6 16. Ke2 Ke6 17. f3 Bc5 18. Na4 Bd4 19. Be3 Bxe3 20. Kxe3 b6 21. b4 Rhc8 22. Rac1 Rc7 23. Rc2 Rd8 24. Rhc1 Rd4 25. a3 c5 26. Nb2 Nd7 27. Nd3 g5 28. bxc5 bxc5 29. Nxc5+ Rxc5 30. Rxc5 Nxc5 31. Rxc5 Ra4 32. Rc6+ Kf7 33. Rc3 h5 34. h4 gxh4 35. gxh4 Ke7 36. f4 exf4+ 37. Kxf4 Kf6 38. Rc6+ Ke7 39. Rc5 Rxa3 40. Rxh5 a5 41. Rf5 Rh3 42. h5 a4 43. Kg4 Rh1 44. Ra5 Rg1+ 45. Kf5 Rh1 46. Kg6 Rg1+ 47. Kh7 Ra1 48. h6 a3 49. Kg6 Rg1+ 50. Kf5 Rh1 51. Ra7+ Kf8 52. h7 a2 53. Rxa2 Kg7 54. e5 1-0

[Event "ESP Team Ch"]
[Site "ESP"]
[Date "1993.??.??"]
[Round "?"]
[White "Illescas Cordoba, Miguel"]
[Black "Hodgson, Julian M"]
[Result "1-0"]
[WhiteElo "2615"]
[BlackElo "2565"]
[PlyCount "83"]
[EventDate "1993.??.??"]
[Source "www.chesslib.no"]
[SourceDate "2004.05.04"]

1. d4 d6 2. c4 e5 3. Nf3 e4 4. Ng5 f5 5. Nc3 h6 6. Nh3 g5 7. Ng1 Nf6 8. h4 Rg8 9. hxg5 hxg5 10. Nh3 g4 11. Nf4 c6 12. e3 Na6 13. Bd2 Nc7 14. Qb3 Qe7 15. O-O-O Rb8 16. Be2 Bd7 17. f3 Ne6 18. Nxe6 Qxe6 19. fxe4 Nxe4 20. Nxe4 fxe4 21. Rdf1 Qg6 22. Be1 Be7 23. Bg3 Be6 24. Qa3 Kd7 25. Qxa7 Bg5 26. Qa3 Be7 27. Qa7 Bg5 28. Kb1 Rgc8 29. c5 Be7 30. cxd6 Bxd6 31. Bxd6 Kxd6 32. Qc5+ Kd7 33. Rf4 Re8 34. Bc4 Bxc4 35. Qxc4 Rf8 36. Rhf1 Rxf4 37. Rxf4 Re8 38. g3 Re7 39. a3 Kc7 40. Qc5 Qd6 41. Qxd6+ Kxd6 42. Rxg4 1-0

[Event "Madrid Magistral 7th"]
[Site "Madrid"]
[Date "1998.05.22"]
[Round "9"]
[White "San Segundo Carrillo, Pablo"]
[Black "Adams, Michael"]
[Result "1/2-1/2"]
[WhiteElo "2505"]
[BlackElo "2670"]
[PlyCount "72"]
[EventDate "1998.05.11"]
[Source "ChessBase"]
[SourceDate "1998.08.06"]

1. Nf3 d6 2. d4 Bg4 3. c4 Nd7 4. Nc3 e5 5. g3 Bxf3 6. exf3 Ne7 7. Bh3 exd4 8. Qxd4 Nc6 9. Qe3+ Be7 10. Nd5 O-O 11. Nxe7+ Nxe7 12. O-O Re8 13. Qc3 a5 14. b3 Nc6 15. Bb2 Nf6 16. Rae1 Rxe1 17. Rxe1 d5 18. cxd5 Nb4 19. a3 Nbxd5 20. Qc5 c6 21. Bd4 h6 22. Bf5 Qf8 23. Qc1 Re8 24. Re5 Rxe5 25. Bxe5 Qe7 26. Qb2 Ne8 27. Be4 Qe6 28. Qd4 Nef6 29. Bxd5 cxd5 30. Bxf6 gxf6 31. Qg4+ Kh7 32. Qd4 Qd6 33. Kf1 b6 34. b4 Qc6 35. bxa5 bxa5 36. a4 Kg7 1/2-1/2

[Event "7th Amplico AIG Life Gp3"]
[Site "Warsaw POL"]
[Date "2007.12.16"]
[Round "3"]
[White "Markowski, T."]
[Black "Banikas, H."]
[Result "1/2-1/2"]
[WhiteElo "2584"]
[BlackElo "2591"]
[PlyCount "71"]
[EventDate "2007.12.16"]
[Source "www.chesslib.no"]
[SourceDate "2004.05.04"]

1. g3 e5 2. c4 d6 3. Bg2 f5 4. Nc3 Nf6 5. d3 Be7 6. e3 O-O 7. Nge2 c6 8. O-O Qe8 9. b3 Qh5 10. f4 Nbd7 11. Qd2 Re8 12. Ba3 Bf8 13. Rae1 a6 14. e4 fxe4 15. dxe4 exf4 16. gxf4 Nc5 17. Ng3 Qh4 18. Bxc5 dxc5 19. e5 Ng4 20. Be4 Rd8 21. Qg2 Rd4 22. Bf5 Nh6 23. Bxc8 Rxc8 24. Nce4 Kh8 25. f5 Re8 26. e6 Be7 27. Re2 Red8 28. Ref2 Rd1 29. Rxd1 Rxd1+ 30. Rf1 Rd4 31. h3 Rd8 32. Ne2 Rf8 33. N2g3 Rd8 34. Ne2 Rf8 35. N2g3 Rd8 36. Ne2 1/2-1/2

[Event "Hamburg SKA"]
[Site "Hamburg"]
[Date "1991.??.??"]
[Round "?"]
[White "Jussupow, Artur"]
[Black "Hansen, Curt"]
[Result "1/2-1/2"]
[WhiteElo "2605"]
[BlackElo "2565"]
[PlyCount "24"]
[EventDate "1991.06.??"]
[Source "ChessBase"]

1. d4 d6 2. c4 e5 3. Nf3 e4 4. Ng5 f5 5. Nc3 c6 6. Nh3 Na6 7. g3 g6 8. Bg2 Bg7 9. O-O Nf6 10. Bg5 h6 11. Bxf6 Qxf6 12. e3 O-O 1/2-1/2

[Event "FRA Team Ch"]
[Site "France"]
[Date "1991.??.??"]
[Round "?"]
[White "Pinter, Jozsef"]
[Black "Adams, Michael"]
[Result "1/2-1/2"]
[WhiteElo "2565"]
[BlackElo "2600"]
[PlyCount "82"]
[EventDate "1991.??.??"]
[Source "www.chesslib.no"]
[SourceDate "2004.05.04"]

1. d4 d6 2. c4 e5 3. Nf3 e4 4. Ng5 f5 5. Nc3 Be7 6. Nh3 Nf6 7. Bf4 Nh5 8. Bd2 c6 9. e3 Nf6 10. Be2 Na6 11. Nf4 Nc7 12. f3 O-O 13. fxe4 Nxe4 14. Nxe4 fxe4 15. O-O Ne6 16. Nxe6 Rxf1+ 17. Qxf1 Bxe6 18. Qf4 d5 19. cxd5 cxd5 20. Qe5 Bf7 21. Rc1 Bd6 22. Qf5 g6 23. Qh3 Kg7 24. Be1 Qb6 25. b3 Re8 26. Bg3 Re7 27. Bh4 Rc7 28. Rf1 Be7 29. Bg3 Bd6 30. Be1 Be6 31. Bg4 Bg8 32. Bh4 Rf7 33. Bg5 h5 34. Be2 Rxf1+ 35. Bxf1 Be6 36. Qh4 Qc7 37. Bf6+ Kg8 38. g3 Kh7 39. Bg5 Bg4 40. Bf4 Bxf4 41. gxf4 Qc3 1/2-1/2

[Event "FRA Ch Top 16 GpA"]
[Site "?"]
[Date "2005.04.03"]
[Round "7"]
[White "Pelletier Yannick"]
[Black "Nevednichy Vladislav"]
[Result "1/2-1/2"]
[WhiteElo "2604"]
[BlackElo "2559"]
[PlyCount "68"]
[EventDate "2005.??.??"]
[Source "www.chesslib.no"]
[SourceDate "2004.05.04"]

1. Nf3 d6 2. c4 e5 3. d4 e4 4. Ng5 f5 5. Nc3 Be7 6. Nh3 c6 7. g3 Na6 8. Bg2 Nf6 9. f3 O-O 10. O-O exf3 11. exf3 Nc7 12. Qd3 d5 13. Re1 dxc4 14. Qxc4+ Nfd5 15. Bf4 Kh8 16. Be5 Bf6 17. Rad1 Bxe5 18. dxe5 Be6 19. f4 Qe7 20. Nxd5 Nxd5 21. Ng5 Bg8 22. Qd4 h6 23. Nf3 Be6 24. a3 Kh7 25. Rd3 Rfd8 26. Red1 Rd7 27. Qf2 g6 28. Nd4 Bg8 29. Nb5 a6 30. Nd6 h5 31. b4 Be6 32. h4 Rad8 33. Qc5 Kh6 34. Rd4 Ne3 1/2-1/2

[Event "Politiken Cup"]
[Site "?"]
[Date "2000.07.25"]
[Round "8"]
[White "Schandorff Lars"]
[Black "Gulko Boris F"]
[Result "0-1"]
[WhiteElo "2520"]
[BlackElo "2643"]
[PlyCount "86"]
[EventDate "2000.??.??"]
[Source "www.chesslib.no"]
[SourceDate "2004.05.04"]

1. c4 e5 2. g3 d6 3. Bg2 f5 4. Nc3 Nf6 5. d4 Be7 6. dxe5 dxe5 7. Qxd8+ Bxd8 8. Nf3 Nc6 9. O-O e4 10. Ng5 Ne5 11. b3 c6 12. Bb2 h6 13. Nh3 Bc7 14. f3 exf3 15. exf3 Bd7 16. Rad1 O-O-O 17. Na4 b6 18. Nf4 Rhe8 19. Rfe1 g5 20. Ng6 Nxg6 21. Bxf6 Rxe1+ 22. Rxe1 Rf8 23. Bb2 h5 24. Nc3 Ne5 25. Rd1 f4 26. Ne4 fxg3 27. Bxe5 Bxe5 28. hxg3 h4 29. Kf2 h3 30. Bh1 Rg8 31. Ke3 Kc7 32. f4 gxf4+ 33. gxf4 Bb2 34. Ng5 Rf8 35. Be4 Ba3 36. Rh1 Rh8 37. Kf3 Rh4 38. f5 h2 39. Kg3 Rh8 40. Nf3 Bd6+ 41. Kg2 Re8 42. Bd3 Re3 43. Rd1 h1=Q+ 0-1

[Event "London"]
[Site "?"]
[Date "1993.??.??"]
[Round "?"]
[White "Krasenkov, M."]
[Black "Miles, A."]
[Result "1/2-1/2"]
[WhiteElo "2595"]
[BlackElo "2565"]
[PlyCount "90"]
[EventDate "1993.??.??"]
[Source "ChessBase"]
[SourceDate "1993.06.01"]

1. Nf3 d6 2. d4 Bg4 3. c4 Nd7 4. Nc3 e5 5. e3 Ngf6 6. Be2 c6 7. O-O Be7 8. b4 O-O 9. Rb1 Bf5 10. Rb2 Qc7 11. Qb3 h6 12. a4 Rfe8 13. Bd2 Ne4 14. Nxe4 Bxe4 15. Bc3 Bf6 16. Rd1 Rad8 17. Rbd2 Bg6 18. dxe5 Nxe5 19. Nd4 a6 20. b5 Nd7 21. Qa3 Nc5 22. Ra2 Ra8 23. a5 Ne4 24. Be1 c5 25. Nc2 Be5 26. f3 Nf6 27. b6 Qb8 28. Bd3 Bxd3 29. Qxd3 d5 30. cxd5 Bxh2+ 31. Kf1 Qe5 32. e4 Qh5 33. Ne3 Bf4 34. Bf2 c4 35. Nxc4 Qh1+ 36. Ke2 Qxg2 37. Rg1 Qh2 38. Kd1 Rac8 39. Re2 Qh3 40. Nd2 Qd7 41. Qb3 Qe7 42. Bd4 Nh5 43. Reg2 Bg5 44. Rg4 g6 45. e5 Qd7 1/2-1/2

[Event "Luzern"]
[Site "?"]
[Date "1993.??.??"]
[Round "?"]
[White "Vera, R."]
[Black "Gulko, B."]
[Result "0-1"]
[WhiteElo "2525"]
[BlackElo "2635"]
[PlyCount "60"]
[EventDate "1993.??.??"]
[Source "ChessBase"]
[SourceDate "1993.10.01"]

1. d4 d6 2. Nf3 Bg4 3. c4 Nd7 4. Nc3 e5 5. e3 c6 6. h3 Bh5 7. Be2 Be7 8. O-O f5 9. c5 e4 10. cxd6 Bxd6 11. Nd2 Bxe2 12. Qxe2 Ngf6 13. Nc4 Bc7 14. b3 b5 15. Nd2 Qe7 16. Rd1 O-O 17. Nf1 Nb6 18. Bb2 Nfd5 19. a4 f4 20. exf4 Nxf4 21. Qxe4 Qg5 22. Qf3 Rae8 23. Qg4 Qxg4 24. hxg4 b4 25. Na2 Ne2+ 26. Kh1 Nd5 27. f3 Re6 28. Bc1 Rff6 29. g5 Rf5 30. Nh2 Bxh2 0-1

[Event "Commonwealth-ch"]
[Site "?"]
[Date "2000.??.??"]
[Round "8"]
[White "Sorokin Maxim"]
[Black "Vladimirov Evgeny"]
[Result "1/2-1/2"]
[WhiteElo "2572"]
[BlackElo "2586"]
[PlyCount "25"]
[EventDate "2000.??.??"]
[Source "www.chesslib.no"]
[SourceDate "2004.05.04"]

1. c4 e5 2. Nc3 d6 3. g3 Be6 4. Nf3 c5 5. e3 f5 6. b3 Nd7 7. Bb2 Be7 8. d3 Bf6 9. Bg2 Ne7 10. O-O O-O 11. Nd2 Rb8 12. a3 a6 13. Qc2 1/2-1/2

[Event "US Open"]
[Site "Philadelphia, PA USA"]
[Date "1993.??.??"]
[Round "?"]
[White "Kaidanov, Gregory S"]
[Black "Ivanov, Alexander V"]
[Result "0-1"]
[WhiteElo "2620"]
[BlackElo "2535"]
[PlyCount "25"]
[EventDate "1993.??.??"]
[Source "www.chesslib.no"]
[SourceDate "2004.05.04"]

1. c4 e5 2. g3 g6 3. Bg2 Bg7 4. Nc3 f5 5. d3 Ne7 6. e3 c6 7. Nge2 Na6 8. Rb1 d5 9. cxd5 cxd5 10. b4 Nc7 11. b5 b6 12. a4 Be6 13. a5 0-1

[Event "Buenos Aires Najdorf"]
[Site "Buenos Aires"]
[Date "1993.??.??"]
[Round "7"]
[White "Larsen, Bent"]
[Black "Illescas Cordoba, Miguel"]
[Result "1/2-1/2"]
[WhiteElo "2540"]
[BlackElo "2615"]
[PlyCount "103"]
[EventDate "1993.04.??"]
[Source "ChessBase"]

1. c4 e5 2. g3 f5 3. Bg2 Nf6 4. Nc3 Bb4 5. Qc2 O-O 6. Qxf5 Nc6 7. Qc2 Qe8 8. d3 d6 9. a3 Bc5 10. e3 Bf5 11. h3 Qg6 12. Ne4 Nxe4 13. dxe4 Be6 14. Nf3 a5 15. Bd2 a4 16. Rc1 Qf6 17. Qd3 Rf7 18. Qe2 Raf8 19. Kd1 Rb8 20. Bc3 Rff8 21. Ke1 Kh8 22. Kf1 Bf7 23. Kg1 Bh5 24. g4 Bg6 25. Ne1 Bf7 26. Bd2 Be6 27. Nd3 b6 28. Nb4 Na5 29. Be1 Qf7 30. Bf1 Nb3 31. Rd1 Qg6 32. f3 Qf7 33. Kg2 Bxc4 34. Qf2 Na5 35. Na6 Bxa6 36. Bxa6 Nc4 37. Bxc4 Qxc4 38. Bc3 Rf7 39. Rhf1 Rbf8 40. Qd2 Qb3 41. Qd3 h6 42. Rd2 Kh7 43. Rdf2 Kg8 44. f4 exf4 45. Rxf4 Qe6 46. Kg3 c6 47. R1f3 b5 48. h4 Qb3 49. Qd2 Qe6 50. Qd3 Qb3 51. Qd2 Qe6 52. Qd3 1/2-1/2

[Event "ISL Ch"]
[Site "Iceland"]
[Date "1993.??.??"]
[Round "6"]
[White "Hjartarson, Johann"]
[Black "Olafsson, Helgi"]
[Result "0-1"]
[WhiteElo "2625"]
[BlackElo "2530"]
[PlyCount "82"]
[EventDate "1993.??.??"]
[Source "www.chesslib.no"]
[SourceDate "2004.05.04"]

1. c4 e5 2. g3 d6 3. Bg2 g6 4. Nc3 Bg7 5. e3 f5 6. Nge2 Nf6 7. O-O O-O 8. d3 c6 9. b4 Be6 10. b5 d5 11. cxd5 cxd5 12. Qb3 Re8 13. d4 e4 14. a4 a5 15. bxa6 bxa6 16. Qb7 Nbd7 17. a5 Bf7 18. Bd2 Rb8 19. Qc6 Re6 20. Qa4 g5 21. Rab1 Rc8 22. Rb7 Rec6 23. f3 Be6 24. f4 h6 25. fxg5 hxg5 26. Bh3 g4 27. Bg2 Bh6 28. Qa3 Ne8 29. Nxd5 Bxd5 30. Rxf5 Ndf6 31. Nf4 Ng7 32. Rxd5 Nxd5 33. Qb3 Bxf4 34. Bxe4 Bxe3+ 35. Bxe3 Rc4 36. Bh6 Ne8 37. Bf5 Qf6 38. Bxc8 Qxd4+ 39. Be3 Nxe3 40. Be6+ Kh8 41. Bxc4 Nxc4+ 0-1

[Event "US Open"]
[Site "Philadelphia US op"]
[Date "1993.??.??"]
[Round "7"]
[White "Kaidanov, Gregory S"]
[Black "Ivanov, Alexander V"]
[Result "0-1"]
[WhiteElo "2620"]
[BlackElo "2535"]
[PlyCount "186"]
[EventDate "1993.??.??"]
[Source "www.chesslib.no"]
[SourceDate "2004.05.04"]

1. c4 e5 2. g3 g6 3. Bg2 Bg7 4. Nc3 f5 5. d3 Ne7 6. e3 c6 7. Nge2 Na6 8. Rb1 d5 9. cxd5 cxd5 10. b4 Nc7 11. b5 b6 12. a4 Be6 13. a5 d4 14. exd4 exd4 15. Na4 Rb8 16. axb6 axb6 17. Bf4 Ned5 18. O-O O-O 19. Qc2 Nxf4 20. Nxf4 Bf7 21. Rfe1 Bh6 22. Ne2 Re8 23. Rb4 Qe7 24. Rbb1 Nd5 25. Qb2 Bg7 26. Qd2 Qa3 27. Ra1 Qb4 28. Qxb4 Nxb4 29. Nf4 Be5 30. Rab1 Bxf4 31. Rxe8+ Rxe8 32. gxf4 Nxd3 33. Nxb6 Rd8 34. Bc6 Nc5 35. Rc1 Nb3 36. Rd1 Be6 37. f3 d3 38. Nd7 d2 39. b6 Bxd7 40. Bd5+ Kg7 41. Bxb3 Bc6 42. Kf2 Rd3 43. Bc4 Rxf3+ 44. Ke2 Rxf4 45. Kd3 Re4 46. Rxd2 Re7 47. Kc3 f4 48. Kb4 f3 49. Kc5 Be4 50. Rb2 Bb7 51. Kd6 Kf6 52. Rf2 g5 53. Bd5 g4 54. Bxb7 Rxb7 55. Kc6 Rb8 56. Kc7 Rf8 57. b7 Kg5 58. Rd2 h5 59. Rd5+ Kh4 60. Rd2 Rf7+ 61. Rd7 Rxd7+ 62. Kxd7 f2 63. b8=Q f1=Q 64. Ke6 Qe1+ 65. Kf5 Kh3 66. Kg5 h4 67. Qf4 Qe7+ 68. Kh5 Qe8+ 69. Kg5 Qg8+ 70. Kh5 Qh7+ 71. Kg5 Qe7+ 72. Kh5 Qc5+ 73. Kh6 Qc6+ 74. Kg5 Qd5+ 75. Kg6 Qf3 76. Qd2 Qg2 77. Qe1 g3 78. Qe6+ Kxh2 79. Kg5 h3 80. Qe5 Qd2+ 81. Kg4 Qd3 82. Kh4 Qc4+ 83. Kg5 Qa4 84. Kh5 Qb4 85. Kg5 Qc4 86. Kh5 Kg2 87. Qb2+ Kf3 88. Qf6+ Qf4 89. Qa1 g2 90. Qd1+ Kg3 91. Qe1+ Kh2 92. Qe2 Kh1 93. Qd1+ g1=Q 0-1

[Event "Olimpiadi 2008 - open"]
[Site "Dresda GER"]
[Date "2008.11.14"]
[Round "2"]
[White "Flores, Di"]
[Black "Vajda, Le"]
[Result "1/2-1/2"]
[WhiteElo "2569"]
[BlackElo "2582"]
[PlyCount "84"]
[EventDate "2008.11.13"]
[Source "www.chesslib.no"]
[SourceDate "2004.05.04"]

1. c4 g6 2. Nc3 Bg7 3. g3 e5 4. Bg2 d6 5. e3 Ne7 6. Nge2 O-O 7. O-O Nd7 8. d4 exd4 9. exd4 Re8 10. b3 Nf5 11. Bb2 c6 12. Qd2 Nf6 13. Rfe1 h6 14. h3 g5 15. d5 c5 16. g4 Nh4 17. Ng3 Rxe1+ 18. Rxe1 Nd7 19. Nh5 Ne5 20. Re3 Bh8 21. Ne4 f5 22. Nxc5 fxg4 23. Rxe5 gxh3 24. Be4 Bg4 25. Nxb7 Bxe5 26. Bxe5 Qe7 27. Nf6+ Kh8 28. Nxd6 Bf3 29. Qc3 Bxe4 30. Nfxe4+ Kg8 31. Nf6+ Kf8 32. Qxh3 Rd8 33. Ng4 h5 34. Ne3 Qxe5 35. c5 Qa1+ 36. Nf1 Qf6 37. Nd2 g4 38. Qe3 Nf3+ 39. Nxf3 gxf3 40. Ne4 Qa1+ 41. Kh2 Qe5+ 42. Kg1 Qa1+ 1/2-1/2

[Event "ISR-chT"]
[Site "Israel"]
[Date "1996.??.??"]
[Round "4"]
[White "Psakhis, Lev"]
[Black "Gofshtein, Leonid D"]
[Result "0-1"]
[WhiteElo "2610"]
[BlackElo "2540"]
[PlyCount "44"]
[EventDate "1996.??.??"]
[Source "ChessBase"]

1. c4 d6 2. d4 e5 3. Nc3 exd4 4. Qxd4 Nc6 5. Qd2 Nf6 6. g3 Be6 7. e4 Be7 8. f3 Nd7 9. Nd5 O-O 10. Bg2 f5 11. exf5 Bxf5 12. Ne3 Be6 13. f4 d5 14. Nxd5 Re8 15. Nf3 Bc5 16. Kf1 Nb6 17. Ng5 Bf5 18. b3 Nb4 19. Bf3 N6xd5 20. Bxd5+ Nxd5 21. Qxd5+ Qxd5 22. cxd5 Bd4 0-1

[Event "Madrid"]
[Site "?"]
[Date "1992.??.??"]
[Round "?"]
[White "Salov, V."]
[Black "Romero Holmes, A."]
[Result "0-1"]
[WhiteElo "2655"]
[BlackElo "2495"]
[PlyCount "76"]
[EventDate "1992.??.??"]
[Source "ChessBase"]
[SourceDate "1992.02.01"]

1. d4 d6 2. c4 e5 3. Nf3 e4 4. Ng5 f5 5. Nc3 Be7 6. Nh3 Nf6 7. Nf4 c6 8. h4 Na6 9. e3 O-O 10. Be2 Nc7 11. d5 cxd5 12. cxd5 Nd7 13. g3 Bf6 14. Bd2 Be5 15. Kf1 Nf6 16. Qb3 Rb8 17. a4 Kh8 18. Kg2 Bd7 19. Rhc1 Na6 20. Qa3 Nc5 21. b4 Na6 22. Rab1 Nc7 23. Bc4 Rc8 24. b5 Be8 25. Nce2 Bf7 26. Qa2 h6 27. Bc3 Qe7 28. Bb3 g5 29. hxg5 hxg5 30. Ne6 Nxe6 31. Bxe5 dxe5 32. dxe6 Bh5 33. Ng1 Rxc1 34. Rxc1 f4 35. Qd2 Ng4 36. Qd7 fxe3 37. Nh3 Qf6 38. Bd1 exf2 0-1

[Event "New York op"]
[Site "New York"]
[Date "1998.03.20"]
[Round "7"]
[White "Agrest, Evgenij"]
[Black "Graf, Alexander"]
[Result "1/2-1/2"]
[WhiteElo "2525"]
[BlackElo "2625"]
[PlyCount "112"]
[EventDate "1998.03.16"]
[Source "ChessBase"]
[SourceDate "1998.06.15"]

1. c4 e5 2. Nc3 d6 3. g3 f5 4. d4 Be7 5. Bg2 Nf6 6. dxe5 dxe5 7. Qxd8+ Bxd8 8. b3 O-O 9. Bb2 c6 10. Nf3 Nbd7 11. O-O Re8 12. Rad1 Bc7 13. Nh4 g6 14. e4 f4 15. Nf3 fxg3 16. hxg3 Nf8 17. Rd3 Bg4 18. Nh2 Be6 19. Na4 Rad8 20. Rfd1 Rxd3 21. Rxd3 N8d7 22. Ba3 h6 23. Nf1 Kf7 24. Ne3 Rd8 25. Kf1 h5 26. Ke2 Rh8 27. Rd1 Rb8 28. Rc1 Rg8 29. Rh1 Nf8 30. Nc5 Bc8 31. Bb2 N8h7 32. Nd3 Re8 33. Nf1 Ng5 34. Nd2 Kg8 35. f3 Nf7 36. Bh3 Bxh3 37. Rxh3 Kg7 38. Rh1 Bd6 39. c5 Bc7 40. Nc4 g5 41. Ne3 Kg6 42. Nf5 g4 43. fxg4 Nxg4 44. Nh4+ Kh7 45. Rf1 Ng5 46. Rf5 Bd8 47. Bxe5 Nxe5 48. Nxe5 Nxe4 49. Kf3 Ng5+ 50. Kg2 Kg7 51. Nhf3 Nxf3 52. Kxf3 Rf8 53. Rxf8 Kxf8 54. Nd3 Kg7 55. Nf4 Kh6 56. g4 hxg4+ 1/2-1/2

[Event "Burgas"]
[Site "?"]
[Date "1992.??.??"]
[Round "?"]
[White "Sokolov, I."]
[Black "Topalov, V."]
[Result "1-0"]
[WhiteElo "2625"]
[BlackElo "2520"]
[PlyCount "93"]
[EventDate "1992.??.??"]
[Source "ChessBase"]
[SourceDate "1992.06.01"]

1. d4 d6 2. c4 e5 3. Nc3 exd4 4. Qxd4 Nc6 5. Qd1 g6 6. Nf3 Bg7 7. Bg5 Nge7 8. Nd5 f5 9. e3 h6 10. Bf6 Bxf6 11. Nxf6+ Kf7 12. Nd5 Ne5 13. Nd4 c6 14. Nc3 a6 15. Be2 c5 16. Nf3 Be6 17. b3 Qa5 18. Qd2 Rad8 19. Rd1 Nxf3+ 20. Bxf3 b5 21. cxb5 axb5 22. O-O d5 23. b4 Qxb4 24. Rb1 Qa5 25. Rxb5 Qa7 26. Ne2 Rb8 27. Ra5 Qb6 28. Nf4 Ra8 29. Rxa8 Rxa8 30. Rd1 Qb4 31. Qc2 Ra3 32. h4 Qc3 33. Qe2 Qe5 34. Qd2 c4 35. Rb1 c3 36. Qc2 d4 37. Nxe6 Qxe6 38. exd4 Qc4 39. Be2 Qxd4 40. h5 Kf6 41. Qc1 Rxa2 42. Qxh6 Qc5 43. Re1 Rd2 44. Kh1 Qb4 45. f4 Rd8 46. Bc4 c2 47. Qg5+ 1-0

[Event "It (Men) Edmonton CAN"]
[Site "?"]
[Date "2005.07.15"]
[Round "7"]
[White "Roussel Roozmon Thomas"]
[Black "Bologan Viktor"]
[Result "1/2-1/2"]
[WhiteElo "2439"]
[BlackElo "2700"]
[PlyCount "149"]
[EventDate "2005.??.??"]
[Source "www.chesslib.no"]
[SourceDate "2004.05.04"]

1. d4 d6 2. c4 e5 3. Nc3 exd4 4. Qxd4 Nc6 5. Qd2 Nf6 6. e4 g6 7. b3 Bg7 8. Bb2 O-O 9. Bd3 Nb4 10. Bb1 c6 11. Nge2 d5 12. cxd5 cxd5 13. Nxd5 Nbxd5 14. exd5 Qxd5 15. Qxd5 Nxd5 16. Bxg7 Kxg7 17. Be4 Nf6 18. Bf3 g5 19. Nd4 Re8+ 20. Be2 Nd5 21. O-O Re4 22. Rfd1 Nc3 23. Bf3 Nxd1 24. Bxe4 Nc3 25. Bd3 Bg4 26. Nb5 Rd8 27. Nxc3 Rxd3 28. Ne4 h6 29. f3 Bf5 30. Rc1 b6 31. Rc4 Be6 32. Rc7 Rd7 33. Rxd7 Bxd7 34. g3 f5 35. Nc3 Kf6 36. f4 gxf4 37. gxf4 Ke6 38. b4 Kd6 39. Kf2 a5 40. a3 axb4 41. axb4 Be6 42. Ke3 Bf7 43. Kd4 Bb3 44. Ne2 Be6 45. Ng3 Bd7 46. Nf1 Bc8 47. Ne3 Be6 48. h3 b5 49. h4 Bd7 50. Nd5 Be6 51. Ne3 Bd7 52. Nc2 Bc6 53. Na3 Bd7 54. Nb1 Be8 55. Nd2 Bc6 56. Nb3 Bd5 57. Nc5 Bc6 58. Nd3 Bd5 59. Ne5 Be6 60. Nf3 Bd5 61. Nd2 Ba2 62. Nf1 Bf7 63. Ng3 Be6 64. Nh5 Bb3 65. Ng7 Bc2 66. Ne8+ Kd7 67. Nf6+ Kd6 68. Nd5 Be4 69. Ne3 Bb1 70. Nd1 Be4 71. Nc3 Bc6 72. Ne2 Bf3 73. Ng3 Bg4 74. Nf1 Bf3 75. Ne3 1/2-1/2

[Event "USA"]
[Site "?"]
[Date "1997.10.26"]
[Round "6"]
[White "Gufeld Eduard"]
[Black "Ivanov Alexander V"]
[Result "1-0"]
[WhiteElo "2543"]
[BlackElo "2595"]
[PlyCount "67"]
[EventDate "1997.??.??"]
[Source "www.chesslib.no"]
[SourceDate "2004.05.04"]

1. g3 g6 2. Bg2 Bg7 3. c4 e5 4. Nc3 Ne7 5. e3 O-O 6. Nge2 d6 7. O-O f5 8. d3 c6 9. b4 Be6 10. b5 Nd7 11. Ba3 Qc7 12. bxc6 bxc6 13. Rb1 f4 14. gxf4 exf4 15. Nd4 Bxd4 16. exd4 Nf6 17. d5 cxd5 18. Re1 Bg4 19. f3 Bf5 20. Nb5 Qd7 21. Nxd6 Rfb8 22. Rxb8+ Rxb8 23. Qe2 Nc6 24. Nxf5 Re8 25. Nh6+ Kg7 26. Qd2 Rxe1+ 27. Qxe1 Kxh6 28. Qh4+ Kg7 29. Qxf4 Qe6 30. Bb2 dxc4 31. dxc4 Ne7 32. c5 Ned5 33. Qd4 Qe1+ 34. Bf1 1-0

[Event "Moscow 87/9"]
[Site "?"]
[Date "2003.??.??"]
[Round "?"]
[White "Minasian, Art"]
[Black "Fedorov, Alex"]
[Result "0-1"]
[WhiteElo "2557"]
[BlackElo "2579"]
[PlyCount "62"]
[EventDate "2003.??.??"]
[Source "Chess Informant"]
[SourceDate "2003.02.01"]

1. c4 g6 2. g3 Bg7 3. Bg2 e5 4. Nc3 f5 5. e4 Nh6 6. d4 Nc6 7. Nf3 Nxd4 8. Nxd4 exd4 9. Bxh6 Bxh6 10. Qxd4 O-O 11. exf5 Qe7+ 12. Kf1 Bg7 13. Qd5+ Kh8 14. fxg6 c6 15. Qh5 h6 16. Re1 Qb4 17. Ne4 Qxc4+ 18. Kg1 d5 19. Ng5 Bg4 20. Qh4 Rxf2 21. h3 Qc2 22. Rh2 Qd2 23. Rf1 Rxf1+ 24. Bxf1 Qe3+ 25. Kg2 Bf5 26. Nf3 Be4 27. Qf4 Qb6 28. Qd2 Rf8 29. Be2 Qxb2 30. Qxb2 Bxb2 31. Rh1 c5 0-1

[Event "Reggio Emilia 9495"]
[Site "Reggio Emilia"]
[Date "1994.??.??"]
[Round "4"]
[White "Vaganian, Rafael A"]
[Black "Garcia Palermo, Carlos"]
[Result "1/2-1/2"]
[WhiteElo "2645"]
[BlackElo "2490"]
[PlyCount "104"]
[EventDate "1994.12.??"]
[Source "ChessBase"]

1. c4 e5 2. g3 f5 3. Bg2 Nf6 4. Nc3 Bb4 5. Qc2 Bxc3 6. Qxc3 d6 7. d4 exd4 8. Qxd4 Nc6 9. Qe3+ Kf7 10. Nf3 Re8 11. Qb3 Ne4 12. O-O Kf8 13. Be3 a5 14. Rac1 a4 15. Qa3 Ra5 16. Rfd1 b6 17. Rd5 Bd7 18. Rxa5 Nxa5 19. b4 axb3 20. axb3 Nc6 21. b4 Qe7 22. Ne1 Ne5 23. Nd3 Ng4 24. Nf4 Nxe3 25. Qxe3 Nf6 26. Qxe7+ Kxe7 27. h4 c5 28. bxc5 dxc5 29. Ra1 Rb8 30. Nd3 Kd6 31. Rd1 Kc7 32. Ne5 Be6 33. Ra1 Nd7 34. f4 Kd6 35. Nxd7 Kxd7 36. Ra4 Kd6 37. Kf2 h6 38. h5 b5 39. Ra6+ Ke7 40. Ra7+ Kf8 41. cxb5 Rxb5 42. Rc7 c4 43. Bb7 Bf7 44. Ba6 Ra5 45. Bxc4 Bxh5 46. Ke3 Ra3+ 47. Bd3 Bf7 48. Kd4 Ra5 49. Kc3 g6 50. Kd4 Rd5+ 51. Ke3 Rd6 52. Kf2 Re6 1/2-1/2

[Event "49/29"]
[Site "?"]
[Date "1990.??.??"]
[Round "?"]
[White "Miles, Anthony J"]
[Black "Anand, Viswanathan"]
[Result "0-1"]
[WhiteElo "2580"]
[BlackElo "2555"]
[PlyCount "88"]
[EventDate "1990.??.??"]
[Source "www.chesslib.no"]
[SourceDate "2004.05.04"]

1. Nf3 d6 2. d4 Bg4 3. c4 Nd7 4. Nc3 e5 5. e3 Be7 6. Be2 Ngf6 7. h3 Bh5 8. b3 c6 9. d5 O-O 10. dxc6 bxc6 11. O-O Nc5 12. Ba3 Qa5 13. Bb2 Qb6 14. Rb1 Bg6 15. Rc1 a5 16. Ba3 Nfe4 17. Nxe4 Bxe4 18. Ne1 Rfd8 19. Nd3 Bg6 20. Nxc5 dxc5 21. Qe1 a4 22. Rc3 e4 23. bxa4 Rxa4 24. Qc1 Qa6 25. Rd1 Ra8 26. Bb2 Rxa2 27. Rb3 Bf5 28. Qb1 Qc8 29. Bf1 h5 30. Be2 Bg6 31. Rd2 Bf6 32. Qd1 Qf5 33. Bf1 Kh7 34. Bxf6 Qxf6 35. Qe2 Ra1 36. Rbb2 Qc3 37. Rbc2 Qd3 38. Rb2 Qxe2 39. Rxe2 Bf5 40. Rec2 Be6 41. f3 exf3 42. Kf2 fxg2 43. Bxg2 R8a6 44. h4 R1a4 0-1